La vida es sueño : | Las ruinas circulares (Registro nro. 1196)
[ vista simple ]
| 000 -CABECERA | |
|---|---|
| fixed length control field | 00906nam a22002657a 4500 |
| 003 - CONTROL NUMBER IDENTIFIER | |
| control field | AR-BeUNQ |
| 005 - FECHA Y HORA DE LA ULTIMA TRANSACCION | |
| control field | 20250305194616.0 |
| 008 - ELEMENTOS DE LONGITUD FIJA-INFORMACION GENERAL | |
| fixed length control field | 250305b19962025spaac|||r||| z|01 1 spa d |
| 020 ## - NUMERO INTERNACIONAL NORMALIZADO PARA LIBROS | |
| Número Internacional Normalizado del libro | 9789507530878 |
| 040 ## - FUENTE DE CATALOGACION | |
| Agencia de catalogación original | AR-BeUNQ |
| Agencia que realiza la transcripción | AR-BeUNQ |
| Convenciones de la descripción | aacr |
| 082 ## - NUMERO DE CLASIFICACION DECIMAL DEWEYMBER | |
| Número de la edición | 21 |
| Número de clasificación | A860 CAL |
| 100 ## - ASIENTO PRINCIPAL-NOMBRE PERSONAL | |
| Nombre personal | Calderón de la Barca, |
| Numeración | Pedro |
| Títulos u otras palabras asociadas al nombre | aut. |
| Fecha asociada al nombre | 1636 |
| Número de la parte/sección de una obra | 1A PARTE |
| 245 ## - MENCION DE TITULO | |
| Título | La vida es sueño : |
| Otra información sobre el título | Las ruinas circulares |
| Mención de responsabilidad, etc | Pedro Calderón de la Barca . Jorge Luis Borges |
| Medio físico | libro |
| 250 ## - MENCION DE EDICION | |
| Mención de edición | 1a.ed |
| 260 ## - PUBLICACION, DISTRIBUCION, ETC. | |
| Lugar de publicación, distribución, etc. | Buenos Aires : |
| Nombre del editor, distribuidor, etc. | Càntaro, |
| Fecha de publicación, distribución, etc | 1996 |
| 300 ## - DESCRIPCION FISICA | |
| Extensión | 190 p. ; |
| Dimensiones | 15 cm |
| Material acompañante | Las ruinas circulares |
| 490 ## - MENCION DE SERIE | |
| Mención de serie | Coleccion del Mirador |
| Designación numérica/secuencial del volumen | 160 |
| 500 ## - NOTA GENERAL | |
| Nota general | Obra de teatro y un cuento relacionado e Borges |
| 600 ## - ASIENTO SECUNDARIO DE MATERIA - NOMBRE PERSONAL | |
| Nombre personal | Borges, Jorge Luis |
| Títulos y otras palabras asociadas con el nombre | aut. |
| Fechas asociadas con el nombre | 1940 |
| 650 ## - ASIENTO SECUNDARIO DE MATERIA - TERMINO TEMATICO | |
| Fuente del encabezamiento o términ | tell |
| Término temático o nombre geográfico como elemento de entrada | Teatro |
| 651 ## - ASIENTO SECUNDARIO DE MATERIA - NOMBRE GEOGRAFICO | |
| Nombre geográfico | España |
| Fuente del encabezamiento o término | unescot |
| 830 ## - ASIENTO SECUNDARIO DE SERIE--TITULO UNIFORME | |
| Designación numérica/secuencial del volumen | 160 |
| 929 ## - DATOS DE ADQUISICION | |
| Procedencia | DONACION |
| Proveedor | Biblioteca Pedro Goyena |
| Orden de compra | 0 |
| Precio | 0 |
| Fecha de recibido | 2021 |
| Patrimonio UNQ | PAT0083039 |
| Número de inventario | 62896 |
| 942 ## - ELEMENTOS DE PUNTO DE ACCESO ADICIONAL (KOHA) | |
| Tipo de ítem Koha | Libros |
| Estado de retiro | Estado de pérdida | Ubicación permanente | Ubicación actual | Ubicación en estantería | Fecha de ingreso | Numeración serial | Total Checkouts | Signatura topográfica completa | Inventario | Date last seen | Tipo de ítem Koha | Operador |
|---|---|---|---|---|---|---|---|---|---|---|---|---|
| Biblioteca ESET - UNQ | Biblioteca ESET - UNQ | CIRCULACION | 05/03/2025 | 160 | 860 CAL | 62896 | 05/03/2025 | Libros | Gladys Alarcon |